| 000 | 00340nam a2200121Ia 4500 | ||
|---|---|---|---|
| 008 | 150202s9999 xx 000 0 und d | ||
| 050 |
_aFIC _bFIC |
||
| 100 | _aMaugham, Somerset W. | ||
| 245 | 4 |
_aThe summing up / _cSomerset W. Maugham. |
|
| 260 |
_aNew York : _bMentor Books, _c1938. |
||
| 300 |
_a191 pages : _c18 cm. |
||
| 650 | _aFiction. | ||
| 999 |
_c282261 _d282261 |
||